000 00611nam a2200205Ia 4500
003 GCL
008 140319s9999 xx 000 0 ara d
040 _aGCL /
_cGCL
082 0 4 _a811.5
_bع ف
100 1 _aعبدالعزيز الدسوقى
245 1 0 _aفى عالم المتنبى /
_cعبدالعزيز الدسوقى
300 _a193 ص
490 _a
650 0 4 _aالشعر العربى
650 0 4 _aالادب العربى
650 0 4 _aالشعراء العرب
650 0 4 _aالدولة العباسية الثانية
650 0 4 _aالمتنبى, ابو الطيب
942 _2ddc
_cBK
999 _c39566
_d39566